000 00581nam a2200193 i 4500
001 147462
003 ES-MaACL
005 20230906202018.0
007 t|
008 071001s1966 sp ||||1| spa d
080 _a323.173(477)
100 1 _aUlianov, Nikolai I.
_9111919
245 1 0 _aOriginal del separatismo ucraniano /
_cNilolai I. Ulianov.
260 _a[Madrid :
_bs.n.],
_c1966 (
_fImp. R. T. Suc. de Galosèz)
300 _a278 p., 5 h. ;
_c20 cm.
500 _aOriginal en ruso.
650 1 4 _aNacionalismo-
_zUcrania.
_915467
852 _aES-MaACL
_jC-30525
_bR.60892
999 _c147462
_d147462